Statistics for Every Def Leppard song that hit the Billboard hot 100

Click here to take the quiz!

General Stats

  • This quiz has been taken 44 times
  • The average score is 11 of 19

Answer Stats

Peak Chart PositionYearSong% Correct
21988Pour Some Sugar On Me
100%
121983Photograph
89%
101988Hysteria
83%
11988Love Bites
77%
191987Animal
66%
121989Rocket
66%
151992Let's Get Rocked
63%
611984Bringin' On The Heartbreak
60%
161983Rock Of Ages
60%
801987Women
60%
31989Armageddon It
57%
121993Two Steps Behind (From "Last Action Hero")
51%
361992Make Love Like A Man
46%
281983Foolin'
43%
121992Have You Ever Needed Someone So Bad
40%
621993Tonight
40%
391994Miss You In A Heartbeat
37%
341993Stand Up (Kick Love Into Motion)
26%
581996When Love & Hate Collide
6%

Score Distribution

Percentile by Number Answered

Percent of People with Each Score

Your Score History

You have not taken this quiz